Tales mummies tell / (Record no. 2522)

MARC details
000 -LEADER
fixed length control field 01087pam a2200301 a 4500
005 - DATE AND TIME OF LATEST TRANSACTION
control field 20231213152627.0
020 ## - INTERNATIONAL STANDARD BOOK NUMBER
International Standard Book Number 0690043880 :
Terms of availability $9.95
020 ## - INTERNATIONAL STANDARD BOOK NUMBER
International Standard Book Number 9780590464086
020 ## - INTERNATIONAL STANDARD BOOK NUMBER
International Standard Book Number 0690043899 (lib. bdg.) :
Terms of availability $9.89
040 ## - CATALOGING SOURCE
Original cataloging agency DLC
Transcribing agency DLC
Modifying agency DLC
Language of cataloging eng
050 00 - LIBRARY OF CONGRESS CALL NUMBER
Classification number GT3340
Item number .L38 1985
082 00 - DEWEY DECIMAL CLASSIFICATION NUMBER
Classification number 930.1/028/5
Edition number 19
100 1# - MAIN ENTRY--PERSONAL NAME
Personal name Lauber, Patricia
245 10 - TITLE STATEMENT
Title Tales mummies tell /
Statement of responsibility, etc. Patricia Lauber
250 ## - EDITION STATEMENT
Edition statement First Scholastic printing, November 1992
260 ## - PUBLICATION, DISTRIBUTION, ETC.
Place of publication, distribution, etc. New York :
Name of publisher, distributor, etc. Scholastic,
Date of publication, distribution, etc. 1985
300 ## - PHYSICAL DESCRIPTION
Extent 118 pages :
Other physical details illustrations ;
Dimensions 24 cm
505 ## - FORMATTED CONTENTS NOTE
Formatted contents note Z
520 ## - SUMMARY, ETC.
Summary, etc. Explains how the study of mummies, both natural and man-made, including a frozen baby mammoth found in Siberia and the human mummies of Egypt, Peru, and Denmark, can reveal information about ancient civilizations and prehistoric life.
521 ## - TARGET AUDIENCE NOTE
Target audience note 900
Source Lexile estimate
521 ## - TARGET AUDIENCE NOTE
Target audience note Z
Source Raz-Plus
650 #0 - SUBJECT ADDED ENTRY--TOPICAL TERM
Topical term or geographic name entry element Mummies
General subdivision Juvenile literature.
650 #1 - SUBJECT ADDED ENTRY--TOPICAL TERM
Topical term or geographic name entry element Mummies.
650 #1 - SUBJECT ADDED ENTRY--TOPICAL TERM
Topical term or geographic name entry element Civilization
General subdivision History.
906 ## - LOCAL DATA ELEMENT F, LDF (RLIN)
a 7
b cbc
c orignew
d 1
e ocip
f 19
g y-gencatlg
942 ## - ADDED ENTRY ELEMENTS (KOHA)
Source of classification or shelving scheme Dewey Decimal Classification
Koha item type Books
Suppress in OPAC No
999 ## -
-- 2522
-- 2522
Holdings
Withdrawn status Lost status Source of classification or shelving scheme Damaged status Not for loan Collection Home library Current library Shelving location Date acquired Total Checkouts Full call number Barcode Date last seen Copy number Price effective from Koha item type
    Dewey Decimal Classification     Non-Fiction Footprints International School Library Network Toul Kork Campus Footprints International School Library Network Toul Kork Campus TTP Secondary Non-Fiction Bookshelves 12/13/2023   LAU 930.1/028/5 GT3340 FISSE00872 12/13/2023 `1 12/13/2023 Books
    Dewey Decimal Classification     Non-Fiction Footprints International School Library Network Toul Kork Campus Footprints International School Library Network Toul Kork Campus TTP Secondary Non-Fiction Bookshelves 01/12/2024   LAU 930.1/028/5 GT3340 FISSE00873 01/12/2024 2 12/13/2023 Books
    Dewey Decimal Classification     Non-Fiction Footprints International School Library Network Toul Kork Campus Footprints International School Library Network Toul Kork Campus TTP Secondary Non-Fiction Bookshelves 01/12/2024   LAU 930.1/028/5 GT3340 FIS04569 12/13/2024 3 12/13/2023 Books